000 00319nam a2200133Ia 4500
005 20251222155050.0
008 251222s9999||||xx |||||||||||||| ||spa||
082 _aEST. 46
100 _aINEI, 1 999
245 0 _aCompendio estadístico socio-demográfico
250 _a1ra. ed.
264 _bMonterrico
942 _cLIB
999 _c37237
_d37237